000 00648nam a2200241Ia 4500
003 OSt
005 20220918221014.0
006 a|||||r|||| 00| 0
007 ta
008 220917b |||||||| |||| 00| 0 eng d
024 _a147,780
037 _cTextual
040 _aARTS
_cARTS
_beng
041 _2eng
_aeng
082 _aY65:451, L6
100 _aEdgerton Robert B
_9138784
245 0 _aDeviance
_b A cross cultural perspective
260 _aCalfornia
_bCumming Publications
_c1976
300 _a133p.
_ccm.
650 _aSOCIOLOGY
942 _hY65:451, L6
_cTEXL
_2CC
999 _c270515
_d270515